[Event "Cali Loyola Cup 13th"]
[Site "Cali"]
[Date "2011.08.26"]
[Round "6.12"]
[White "Giraldo Garcia, Juan Sebastian"]
[Black "Solorzano Sanchez, Juan David"]
[Result "0-1"]
[WhiteElo "1600"]
[BlackElo "1551"]
[PlyCount "54"]
[EventDate "2011.08.25"]
[EventType "swiss"]
[EventRounds "7"]
[EventCountry "COL"]
[SourceTitle "EXT 2024"]
[Source "ChessBase"]
[SourceDate "2023.10.10"]
[SourceVersion "1"]
[SourceVersionDate "2023.10.10"]
[SourceQuality "1"]

1. e4 e6 2. d3 d5 3. exd5 exd5 4. Nf3 Nf6 5. Bg5 Be7 6. Qe2 Nbd7 7. Ne5 0-0 8. Nd2 Re8 9. Ndf3 Nxe5 10. Nxe5 Bg4 11. f3 Bh5 12. 0-0-0 h6 13. Bh4 Bd6 14. Bg3 Nd7 15. d4 f6 16. Qb5 fxe5 17. Qxd5+ Bf7 18. Qxb7 Bxa2 19. Qe4 Qg5+ 20. Rd2 Rab8 21. d5 Ba3 22. Kd1 Rxb2 23. Ke1 Bb4 24. f4 Bxd2+ 25. Kxd2 Qe7 26. Bd3 Nc5 27. Qh7+ Kf8 0-1